Estatísticas para País Oceânico Aleatório por Bandeira

Clique aqui para jogar o quiz

Estatísticas Gerais

  • Esse quiz foi jogado 2 395 vezes
  • A pontuação média é 5 de 6

Estatísticas das Respostas

Resposta% Correto
Austrália
95%
Nova Zelândia
95%
Fiji
88%
Palau
86%
Papua Nova Guiné
85%
Estados Federados da Micronésia
83%
Tonga
76%
Ilhas Marshall
75%
Samoa
73%
Kiribati
72%
Tuvalu
72%
Nauru
69%
Ilhas Salomão
66%
Vanuatu
64%

Distribuição das Pontuações

Percentil de Números Respondidos

Porcentagem de Pessoas com Cada Pontuação

Sua Pontuação Histórica

Você não jogou esse quiz